000 00509nam a2200193Ia 4500
005 20260120131717.0
008 008 260114s9999 xx 000 0 eng d
020 _a9780197575154
037 _aEBOOK
040 _aCRL
_beng
_cCRL
041 _aeng
_2eng
084 _qCRL
100 _aZeitoun
_9930274
245 0 _aReflections
260 _bOxford University PressOxford University Press
_c2023
856 _uhttps://academic.oup.com/book/45691
942 _cEBOOK
999 _c1522196
_d1522196